Triumphs, Trials And Turbulence: (Record no. 203999)

MARC details
000 -LEADER
fixed length control field 00679nam a22001817a 4500
005 - DATE AND TIME OF LATEST TRANSACTION
control field 20240708130227.0
010 ## - LCCN (DPL NO)
LC control number ENG- 140806
020 ## - INTERNATIONAL STANDARD BOOK NUMBER
Terms of availability 495.00
International Standard Book Number 9788122204971
035 ## - SYSTEM CONTROL NUMBER
System control number EN-124338
037 ## - SOURCE OF ACQUISITION
Source of stock number/acquisition DBAD
082 ## - DEWEY DECIMAL CLASSIFICATION NUMBER
Classification number 796.3580954
Edition number 11
100 ## - MAIN ENTRY--PERSONAL NAME
Personal name Jha, Sanjay
245 ## - TITLE STATEMENT
Title Triumphs, Trials And Turbulence:
Statement of responsibility, etc Indian Cricket 2003-10/
Remainder of title Sanjay Jha
260 ## - PUBLICATION, DISTRIBUTION, ETC. (IMPRINT)
Place of publication, distribution, etc New Delhi
Name of publisher, distributor, etc Orien Pubishing (A division of Vision Books Pvt. Ltd.)
Date of publication, distribution, etc 2023-10
270 ## - ADDRESS
City New Delhi
Address Printed n India at Saurabh Printers Pvt. Ltd., Noida Cover Printed at Ravindra Printing Press, Delhi
Postal code 110006
300 ## - PHYSICAL DESCRIPTION
Extent 276pg.
Dimensions 22cm(hb)
942 ## - ADDED ENTRY ELEMENTS (KOHA)
Source of classification or shelving scheme Dewey Decimal Classification
Item type English Books
Classification part 796.3580954
Call number suffix JHA
Edition 11
Holdings
Withdrawn status Lost status Not for loan Collection code Home library Current library Date acquired Source of acquisition Cost, normal purchase price Full call number Barcode Copy number Cost, replacement price Koha item type
      Non-fiction New Police Line New Police Line 08/07/2024 DBAD 495.00 796.3580954 JHA EN-124338 1 495.00 English Books

© Delhi Public Library
Hit Counter
free hit counter